Things That Are Green II Quiz Stats

 Plays Quiz Updated Jul 26, 2015

Challenge
Share
Tweet
Score 0/16 Timer 06:00
1 Play Today
Hint Answer % Correct
Frog
99.7%
Granny Smith Apple
99.1%
Turtle
99%
Kiwi Fruit
97.9%
The Hulk
97.8%
Broccoli
97.8%
Parrot
96.6%
Peas
96.4%
Hint Answer % Correct
The Grinch
94.3%
Yoda
94%
Guacamole
87.4%
Mint
86.1%
Oscar the Grouch
78.7%
Brazil's Flag
77.2%
Mike Wazowski
74.9%
Iguana
74.3%

You're not logged in!

Compare scores with friends on all Sporcle quizzes.
Join for Free
OR
Log In

You Might Also Like...

Show Comments

Extras

Top Quizzes Today


Score Distribution

Your Account Isn't Verified!

In order to create a playlist on Sporcle, you need to verify the email address you used during registration. Go to your Sporcle Settings to finish the process.

Report this User

Report this user for behavior that violates our Community Guidelines.

Details: